The Carrier Law: land sea air (Record no. 232103)
[ view plain ]
| 000 -LEADER | |
|---|---|
| fixed length control field | 00563nam a22002057a 4500 |
| 005 - DATE AND TIME OF LATEST TRANSACTION | |
| control field | 20241205121504.0 |
| 008 - FIXED-LENGTH DATA ELEMENTS--GENERAL INFORMATION | |
| fixed length control field | 241205b ||||| |||| 00| 0 eng d |
| 024 ## - OTHER STANDARD IDENTIFIER | |
| Source of number or code | C-4 |
| 040 ## - CATALOGING SOURCE | |
| Transcribing agency | AL |
| 041 ## - LANGUAGE CODE | |
| Language code of text/sound track or separate title | eng |
| 082 ## - DEWEY DECIMAL CLASSIFICATION NUMBER | |
| Edition number | 23 |
| Classification number | 345 |
| Item number | BARC |
| 100 ## - MAIN ENTRY--PERSONAL NAME | |
| Personal name | Bare Act |
| 9 (RLIN) | 187878 |
| 245 ## - TITLE STATEMENT | |
| Title | The Carrier Law: land sea air |
| 260 ## - PUBLICATION, DISTRIBUTION, ETC. | |
| Place of publication, distribution, etc. | New Delhi |
| Name of publisher, distributor, etc. | Universal LexisNexis |
| Date of publication, distribution, etc. | 2024 |
| 300 ## - PHYSICAL DESCRIPTION | |
| Extent | iv,112p. |
| Other physical details | PB |
| Dimensions | 24x16cm |
| 365 ## - TRADE PRICE | |
| Source of price type code | Law |
| Price type code | 1060 |
| Price amount | 116.80 |
| Currency code | ₹ |
| Unit of pricing | 160.00 |
| Price note | 27% |
| Price effective from | 1060/28-11-2024 |
| 440 ## - SERIES STATEMENT/ADDED ENTRY--TITLE | |
| Title | Bare Act 2024 |
| 9 (RLIN) | 187879 |
| 650 ## - SUBJECT ADDED ENTRY--TOPICAL TERM | |
| Source of heading or term | Law |
| Topical term or geographic name entry element | Law |
| 9 (RLIN) | 187880 |
| 942 ## - ADDED ENTRY ELEMENTS (KOHA) | |
| Source of classification or shelving scheme | Dewey Decimal Classification |
| Koha item type | Book |
| Withdrawn status | Lost status | Source of classification or shelving scheme | Damaged status | Not for loan | Collection code | Home library | Current library | Date acquired | Source of acquisition | Cost, normal purchase price | Total Checkouts | Full call number | Barcode | Date last seen | Cost, replacement price | Price effective from | Koha item type |
|---|---|---|---|---|---|---|---|---|---|---|---|---|---|---|---|---|---|
| Dewey Decimal Classification | Law | St Aloysius Law Library | St Aloysius Law Library | 12/03/2024 | MPP House Law Books Publishers Bengaluru-560009 | 116.80 | 345 BARC | LL001076 | 12/05/2024 | 160.00 | 12/05/2024 | Book |